| 000 | 00677nam a22002417a 4500 | ||
|---|---|---|---|
| 003 | UA-OsUOA | ||
| 001 | 29314 | ||
| 007 | ta | ||
| 008 | 20041006b un ||||| |||| 00| 0 ukr d | ||
| 100 | _aМоскаленко Надія Артемівна | ||
| 090 |
_a81'36(091)-161.2 _bМ82 |
||
| 942 | _cBK | ||
| 040 |
_aUA-OsUOA _bukr _cUA-OsUOA _dUA-OsUOA |
||
| 245 | _aНарис історії української граматичної термінології | ||
| 300 | _a224 с. | ||
| 955 | _a0 | ||
| 041 | _aukr | ||
| 080 | _a81'36(091)-161.2 | ||
| 260 |
_aКиїв _bРадянсьа школа _c1959 |
||
| 044 | _aUA | ||
| 650 | 7 | _2UDC | |
| 999 |
_c315699 _d315699 |
||